LEADER 01226nam a2200301 i 4500 001 991003272709707536 006 m d 007 cr cn||||||||| 008 080129s2002 ne a sb 001 0 eng d 020 $a9780444511232 020 $a0444511237 035 $ab13658785-39ule_inst 040 $aDip.to Matematica$beng 082 04$a512$222 100 1 $aOlariu, Silviu$066869 245 10$aComplex numbers in N dimensions$h[e-book] /$cSilviu Olariu 260 $aAmsterdam ;$aBoston :$bElsevier,$c2002 300 $axv, 269 p. :$bill. ;$c24 cm 440 0$aNorth-Holland mathematics studies,$x0304-0208 ;$v190 504 $aIncludes bibliographical references (p. 261) and index 650 0$aNumbers, Complex 856 40$3ScienceDirect$uhttp://www.sciencedirect.com/science/publication?issn=03040208&volume=190$zAn electronic book accessible through the World Wide Web; click for information 856 42$zPublisher description$uhttp://catdir.loc.gov/catdir/enhancements/fy0613/2002070015-d.html 907 $a.b13658785$b03-03-22$c29-01-08 912 $a991003272709707536 996 $aComplex numbers in n dimensions$9377352 997 $aUNISALENTO 998 $ale013$b29-01-08$cm$d@ $e-$feng$gne $h0$i0 LEADER 01515nam 2200409Ka 450 001 9910691666403321 005 20020619092610.0 035 $a(CKB)5470000002346718 035 $a(OCoLC)49405148 035 9 $aocm49405148 035 $a(OCoLC)995470000002346718 035 $a(EXLCZ)995470000002346718 100 $a20020327d2001 ua 0 101 0 $aeng 181 $ctxt$2rdacontent 182 $cc$2rdamedia 183 $acr$2rdacarrier 200 10$aU.S. agriculture, 1960-96$b[electronic resource] $ea multilateral comparison of total factor productivity : electronic report /$fEconomic Research Service ; V. Eldon Ball, Jean-Pierre Butault, and Richard Nehring 210 1$a[Washington, D.C.] :$cU.S. Dept. of Agriculture,$d[2001] 225 1 $aTechnical bulletin ;$vno. 1895 300 $a"May 2001." 300 $aTitle from title screen. 517 $aU.S. agriculture, 1960-96 606 $aAgricultural productivity$zUnited States$xEconometric models 606 $aAgriculture$xEconomic aspects$zUnited States 615 0$aAgricultural productivity$xEconometric models. 615 0$aAgriculture$xEconomic aspects 700 $aBall$b V. Eldon$01267337 701 $aButault$b J. P$01382447 701 $aNehring$b Richard$01353944 712 02$aUnited States.$bDepartment of Agriculture.$bEconomic Research Service. 801 0$bGPO 801 1$bGPO 906 $aBOOK 912 $a9910691666403321 996 $aU.S. agriculture, 1960-96$93425914 997 $aUNINA